| 000 | 01441nam a2200229Ia 4500 | ||
|---|---|---|---|
| 003 | SEM | ||
| 005 | 20240320094441.0 | ||
| 008 | 141116s1983 ai ||||gr||||||01|||arm|d | ||
| 040 |
_cSEM _aSEM |
||
| 041 | 0 | _aarm | |
| 080 | _a891.981-3/Պ-50 | ||
| 100 | 1 |
_aՊետրոսյան, Վարդգես _d(1932-1994) |
|
| 245 | 1 | 0 |
_aԸնտիր երկեր ։ _bԵրկու հատորով / _cՎ. Պետրոսյան |
| 260 |
_aԵրևան : _b«Սովետական գրող» հրատ., _c1983. |
||
| 300 |
_aՀ. ; _b1 դիմանկ. ; _c20 սմ |
||
| 505 |
_aՀ. 1 - _t[«Վերջին գիշեր» գրքից: «Անավարտ դիմանկարներ» գրքից: «Ապրած և չապրած տարիներ» գրքից: «Վերջին ուսուցիչը» գրքից: Նամակներ մանկության կայարաններից (Վիպակ պատմվածքներով): Հայկական էսքիզներ: Աշխարհի ճանապարհներին], _g1983.-622 էջ : |
||
| 505 |
_aՀ. 2 - _t[Ես արդեն մեծացել եմ, մայրիկ: Քաղաքի կիսաբաց լուսամուտները: Ապրած և չապրած տարիներ: Դեղատուն «Անի»: Վերջին ուսուցիչը: Մենավոր ընկուզենին (վեպ)], _g1983.-606 էջ : |
||
| 650 |
_aՀայ գրականություն _xարձակ |
||
| 650 | _aԳեղարվեստական գրականություն | ||
| 653 | _aՍԷՄ | ||
| 942 |
_2udc _cBK |
||
| 999 |
_c46555 _d46555 |
||